MLB Players by Country - Statistics

General Stats
  • This quiz has been taken 74 times
  • The average score is 16 of 25
Answer Stats
Amount of Players Country % Correct
999 United States
100%
145 Dominican Republic
97%
17 Mexico
94%
17 Canada
91%
8 Japan
91%
90 Venezuela
88%
27 Cuba
87%
5 South Korea
81%
1 China
74%
14 Colombia
71%
11 Panama
71%
1 Brazil
69%
2 Germany
69%
3 Australia
68%
28 Puerto Rico
65%
2 Nicaragua
60%
1 Netherlands
57%
1 Taiwan
57%
1 Bahamas
51%
1 South Africa
43%
1 Peru
41%
1 Honduras
40%
2 Aruba
29%
1 Portugal
25%
1 Guam
7%
No matching quizzes found
Score Distribution
Percent of People with Each Score
Percentile by Number Answered
Your Score History
You have not taken this quiz